Military readiness : readiness reports do not provide a clear assessment of Army equipment : report to the chairman, Subcommittee on Military Readiness, Committee on Armed Services, House of Representatives /

Bibliographic Details
Corporate Author: United States. General Accounting Office
Format: Government Document Microform Book
Language:English
Published: Washington, D.C. (P.O. Box 37050, Washington, D.c. 20013) : The Office, [1999]
Subjects:
Online Access:Adobe Acrobat Reader required

MARC

Tag First Indicator Second Indicator Subfields
LEADER 00000cam a2200000 a 4500
001 in00000006474
007 he bmb024baca
008 991027s1999 dcu bb f000 0 eng c
005 20230331144305.7
035 |a (OCoLC)ocm42710220 
035 |9 AJL6282AM 
035 |a in00000006474 
037 |a 162262  |b GAO (202) 512-6000 (Voice); (202) 512-6061 (Fax)  |f paper copy 
040 |a SEN  |c SEN  |d GPO  |d DLC  |d MvI  |d UtOrBLW 
042 |a pcc 
043 |a n-us--- 
049 |a UMIC 
049 |a WWW 
074 |a 0546-D (MF) 
074 |a 0546-D (online) 
086 0 |a GA 1.13:NSIAD-99-119 
088 |a GAO/NSIAD-99-119 
088 |a B-282327 
110 1 |a United States.  |b General Accounting Office. 
245 1 0 |a Military readiness :  |b readiness reports do not provide a clear assessment of Army equipment : report to the chairman, Subcommittee on Military Readiness, Committee on Armed Services, House of Representatives /  |c United States General Accounting Office. 
246 3 0 |a Readiness reports do not provide a clear assessment of Army equipment 
264 1 |a Washington, D.C. (P.O. Box 37050, Washington, D.c. 20013) :  |b The Office,  |c [1999] 
300 |a 30 pages ;  |c 28 cm. 
336 |a text  |b txt  |2 rdacontent 
337 |a microform  |b h  |2 rdamedia 
338 |a microfiche  |b he  |2 rdacarrier 
500 |a Cover title. 
500 |a Shipping list number: 99-0960-M. 
500 |a "June 1999." 
500 |a Shipping List #: 1999-0960-M 
500 |a Shipping List Date: 10/25/1999 
504 |a Includes bibliographical references. 
500 |a "GAO/NSIAD-99-119." 
500 |a "B-282327"--P. 1. 
533 |a Microfiche.  |b [Washington, D.C.] :  |c U.S. General Accounting Office,  |d [1999?]  |e 1 microfiche : negative.  |7 s1999 dcun b 
530 |a Also available via Internet from the GPO Access web site. Address as of 02/27/02: http://frwebgate.access.gpo.gov/cgi-bin/getdoc.cgi?dbname=gao&docid=f:ns99119.pdf; current access is available via PURL. 
500 |a Microform. 
610 1 0 |a United States.  |b Army  |x Equipment  |x Maintenance and repair. 
610 1 0 |a United States.  |b Army  |x Operational readiness. 
610 1 0 |a United States.  |b Army  |x Combat sustainability. 
856 4 1 |u https://purl.fdlp.gov/GPO/LPS17809  |z Adobe Acrobat Reader required  |t 0 
999 |a MARS 
999 f f |i 33def3d9-799c-3179-a8c1-9da55a04ea10  |s 0109f06d-6d7f-3f28-87a1-8ef46dbc0ca7  |t 0 
952 f f |p normal  |a Texas A&M University  |b College Station  |c Sterling C. Evans Library  |d Evans: US Documents Microfiche (3rd floor)  |t 0  |e GA 1.13:NSIAD-99-119  |h Superintendent of Documents classification  |i microform -- microfiche  |m A14825622222 
952 f f |a Texas A&M University  |b College Station  |c Electronic Resources  |d Available Online  |t 0  |e GA 1.13:NSIAD-99-119  |h Superintendent of Documents classification 
998 f f |a GA 1.13:NSIAD-99-119  |t 0  |l Evans: US Documents Microfiche (3rd floor) 
998 f f |a GA 1.13:NSIAD-99-119  |t 0  |l Available Online